000 00390nam a2200145 4500
999 _c9461
_d9461
003 OSt
005 20210623164326.0
008 210623b ||||| |||| 00| 0 eng d
020 _a9781568988696
082 _a720.922
_bCOR
100 _a Corbellini, Giovanni, 1959-
245 _aBioreboot : the architecture of R & Sie(n)
260 _aNew York
_bPrinceton Architectural press
942 _2ddc